[Event "Turnier 40 / 120"]
[Site "Wien"]
[Date "2022.01.13"]
[Round "21"]
[White "Pewatronic Masterchess SH7034 - 24 MHZ"]
[Black "Mephisto Lyon 68020 - 12 MHZ"]
[Result "1/2-1/2"]
[BlackElo "2173"]
[WhiteElo "2155"]

1. e4 c6 2. d4 d5 3. Nc3 dxe4 4. Nxe4 Bf5 5. Ng3 Bg6 6. Nf3 Nd7 7. Bd3 Bxd3
8. Qxd3 e6 {Buchende} 9. O-O Ngf6 10. Re1 Be7 11. b3 {Buchende / lt.
Stockfish ist die Stellung etwa gleich} O-O 12. c4 Qc7 13. Bb2 Qf4 14. Rad1
Rad8 15. Ne4 Nxe4 16. Rxe4 Qf5 17. Re3 Qxd3 18. Rexd3 g6 19. a3 Nf6 20. Kf1
Nh5 21. g3 Nf6 22. h3 Ne4 23. Ke2 Rfe8 24. Re3 Ng5 25. Ng1 h5 26. f4 Nh7
27. Nf3 Nf6 28. Bc3 Kg7 29. a4 Bd6 30. Re1 Rh8 {Weiss steht klar besser lt.
Stockfish mit ca. +1,20} 31. Ne5 Bc7 32. Kd3 c5? {deutlich besser ist a5,
dieser Zug verliert praktisch schon die Partie Stockfish +3,00 für Weiss
mit der Fortsetzung d5, ist schon leicht ersichtlich, dass dann Schwarz vor
unlösbaren Problemen steht, wegen der Öffnung der Läuferdiagonale a1-h8,
dagegen ist kein Kraut mehr gewachsen.} 33. b4? {Pewatronic erkennt das
leider nicht, nach dem Textzug ist Weiss nur noch mit ca. +0,90 im Vorteil,
mit der Fortsetzung cxb4} cxd4? {ja klar, normalerweise schlagt man den
Zentrumsbauern, in diesem Fall aber klarerweise nicht, die Öffnung der
Läuferdiagonale a1-h8, hätte verhindert werden müssen, Stockfish +1,50 für
Weiss.} 34. Bxd4 Bb6 {ganz schwach, was soll das, dieser Zug ist doch
offentsichtlich mit c5 zu parieren und bringt Schwarz schon entscheidend in
Nachteil Stockfish +2,20 für Weiss, nötig war natürlich Ld6} 35. c5 Bc7
{Stockfish sieht hier schon die Variante Kc4, gefolgt von Txd4, der
gefährliche Läufer kostet hier also schon die Qualität und damit die
Partie.} 36. Kc4 Bxe5? {dieser Zug ist wohl schon aus der Verzweiflung
geboren, der Mephisto Lyon erwartet hier allen ernstes fxe5 und er wäre
alle Sorgen los, aber da ist wohl mehr der Wunsch Vater des Gedanken,
diesen Gefallen macht ihm aber der Pewatronic nicht, Stockfish +7,50 für
Weiss, um ganze 5 Bauerneinheiten !! besser war h4} 37. Bxe5! {na klar was
sonst.} Rd5 38. g4 {noch stärker ist Td3, aber völlig ausreichend für den
Sieg, Stockfish +5,00 für Weiss.} hxg4 39. hxg4 Rxe5 40. Rxe5? {um ganze 3
Bauerneinheiten schwächer als fxe5, Stockfish aber immer noch +2,80 für
Weiss, klar die Bauernmehrheit am Damenflügel und die Qualität muss ja
immer noch leicht gewinnen.} Nxg4 41. R5e4 Nf6 42. Rd4 Nd5 43. Rxd5? {der
Pewatronic gibt schon wieder unmotiviert die Qualität für einen Bauern her,
dieser Fehler ist jetzt wirklich schon auffallend, um 2 Bauerneinheiten
schwächer als b5, aber Weiss steht immer noch klar auf Gewinn Stockfish
+4,00 für Weiss, klar es ist gewonnen, die weit vorgerückten Bauern am
Damenflügel sind in der Mehrheit und der schwarze König kann ja die E-Linie
nicht passieren, um dort einzugreifen, sollte also immer noch klar zu
gewinnen sein.} exd5+ 44. Kxd5 Rd8+ 45. Kc4 {dieser Stellung ist
klarerweise hoffnungslos verloren für Schwarz, Stockfish +5,00 für Weiss,
aber es ist trotzdem noch vorsicht geboten, die beiden Kontrahenten sehen
nämlich noch keinerlei Vorteile für Weiss, Pewatronic: 0,0 / Mephisto Lyon
-0,12} Kf6 46. b5 {Pewatronic: +0,3} Rd2 {Mephisto Lyon -0,48 / Stockfish
-6,70 mit der Fortsetzung c6} 47. c6 bxc6 48. bxc6 Rc2+ 49. Kd5 Rd2+ 50.
Kc5 Rc2+ 51. Kd6 Rd2+ 52. Kc7 Rd4 {Mephisto Lyon sieht sich klar im
Nachteil, -1,39 / Stockfish -9,50} 53. Kb7 {Pewatronic +0,90 (besser war
noch a5) / Stockfish +8,30} Rb4+ {Mephisto Lyon 68020 sieht bereits den
Verlust, -1,81 in der Erwartung des korrekten Zuges Kc8 und Weiss gewinnt.}
54. Kxa7? {Pewatronic +1,0, doch leider verpatzt das Morsch-Gerät wieder
diese 100 % gewonnene Stellung, nach diesem Katastrophenzug, der um 9
Bauerneinheiten !!! schwächer ist als Kc8 ist die Partie Remis, Stockfish
0,00} Rxa4+ {Mephisto Lyon 68020 erkennt aber noch kein Remis: -1,84} 55.
Kb6 Rb4+? {doch auch der Mephisto Lyon 68020 patzt, nach diesem Zug ist es
wieder sofort verloren, Stockfish +10,00 mit der Fortsetzung Kc5, nötig war
Txf4 und es ist Remis} 56. Kc5 Rb2 57. c7? {doch es ist wieder eines dieser
Turmendspiele, das beide Geräte überfordert, dieser Zug ist um 20
Bauerneinheiten !! schlechter als das für einen Menschen offensichtliche
Te5, der Turm kann dann auf der 5. Reihe vorgestellt werden, wenn der König
auf d6 schach erhält und alles ist geritzt für Weiss, nach dem Textzug ist
es wieder Remis (diesen Fehler hatte auch der Mephisto Lyon 68020
erwartet)} Rc2+ {Mephisto Lyon 68020: -3,33 sieht sich verloren.} 58. Kd6
Rd2+ 59. Kc6 Rc2+ 60. Kd7 Kf5! {Mephisto Lyon 68020 hat natürlich nicht die
nötige Rechentiefe, um hier schon ein Remis zu sehen, macht aber intuitiv
den richtigen Zug, Bewertung -3,57} 61. c8=R Rxc8 62. Kxc8 Kxf4 63. Rf1+
Ke5 64. Rxf7 g5 65. Kd7 g4 66. Kc6 Ke4 {Mephisto Lyon 68020 erkennt bereits
das Remis: Bewertung 0,00} 67. Rg7 {Pewatronic +3,2 glaubt noch an den
Sieg} Kf3 68. Kd5 {Pewatronic +2,9} g3 69. Rf7+ {Pewatronic: +0,9} Ke2 70.
Re7+ {Pewatronic: +0,7} Kf3 {Userentscheid: Remis} 1/2-1/2
[/pgn]
[pgn]

[Event "Turnier 40 / 120"]
[Site "Wien"]
[Date "2022.01.15"]
[Round "22"]
[White "Mephisti Lyon 68020 - 12 MHZ"]
[Black "Pewatronic Masterchess SH7034 - 24 MHZ"]
[Result "0-1"]
[BlackElo "2155"]
[WhiteElo "2173"]

1. e4 e5 2. Nf3 Nc6 3. Bb5 a6 4. Ba4 d6 5. Bxc6+ bxc6 6. d4 exd4 7. Nxd4
{Buchende} c5 {Buchende} 8. Ne2 {Buchbewertung Mephisto Lyon 68020: -0,18}
Be7 {Buchbewertung Pewtronic Masterchess: 0,0 / lt. Stockfish ist die
Stellung etwa gleich.} 9. O-O Nf6 10. Nbc3 O-O 11. Bf4 Re8 12. f3 c6 13.
Qd2 d5 14. Rad1 d4 15. Na4 Nh5 16. c3 Nxf4 17. Qxf4? {verliert die Partie
sofort gegen die Fortsetzung d3 oder Lg5, Stockfish +5,00 für Schwarz, nach
Sxf4 wäre die Stellung im Lot.} d3 18. Nc1 Qa5? {um 3 Bauerneinheiten !!
schwächer als Lg5, Stockfish +2,00 für Schwarz mit der Fortsetzung b3} 19.
e5 {besser ist b3, Stockfish +3,00 für Schwarz mit der Fortsetzung Le6} Be6
20. b3 c4 21. Rd2 {mehr Wiederstand bot Sb2, Stockfish +6,00 für Schwarz
mit der Fortsetzung f6.} Red8? {um 3 Bauerneinheiten schwächer als f6,
Schwarz steht dennoch klar auf Gewinn, Stockfish +3,50} 22. Rfd1 Ba3 23.
Qe3 Rd7 24. Qe4 Rad8 25. Kh1 Bxc1 26. Rxc1 cxb3 27. axb3 Bxb3 28. Nb2 Qb5
{besser ist Lc2, aber Schwarz steht trotzdem klar auf Gewinn, Stockfsih
+2,60} 29. Ra1 {besser ist h3, Stockfish +4,50 für Schwarz mit der
Fortsetzung c5} c5 30. h3 Kh8? {ein unnöitger Zug, aber Schwarz kann es
sich leisten, besser war c4, Stockfish +3,30 für Schwarz} 31. Kg1?
{gleichermassen unnötig, Weiss hätte seinerseits c4 ziehen sollen,
Stockfish wieder +5,00 mit der Fortsetzung c4} c4 32. Kh1 a5 33. f4 Qa6 34.
Qe3 a4 35. Qc5 Qa7 36. Qxa7 Rxa7 37. Ra3 g5 38. g3 gxf4 39. gxf4 Rg8 {die
Stellung ist hoffnungslos für Weiss, Stockfish +6,60 für Schwarz} 40. Kh2
Kg7 41. Rg2+ Kf8 42. Rd2 Ke7 43. Nd1 Ke6 44. Ne3 h5 45. Nf1 Kf5 46. Rf2 h4
47. Nd2 Raa8 48. Nf1 Ke4 49. Ra1 Rgd8 50. Nd2+ Kf5 51. Nf3 a3 52. Nxh4+ Ke4
53. Re1+ Kd5 54. Nf3 a2 55. Ra1 Bc2 56. Nd4 Bb1 {die Stellung ist
hoffnungslos für Weiss, Stockfish +9,00 für Schwarz} 57. Nb5 Rd7 58. Rg2
Ra5 59. Nd6 Ra3 60. Ne8 Kc6 61. Nd6 Rxc3 {Rest geschenkt} 0-1
[/pgn]
[Pgn]

[Event "Turnier 40 / 120"]
[Site "Wien"]
[Date "2022.01.16"]
[Round "23"]
[White "Pewatronic Masterchess SH7034 - 24 MHZ"]
[Black "Mephisto Lyon 68020 - 12 MHZ"]
[Result "0-1"]
[BlackElo "2173"]
[WhiteElo "2155"]

1. d4 Nf6 2. c4 c5 3. d5 b5 4. Nf3 {Buchende} Bb7 {Buchende} 5. b3
{Buchbewertung Pewatronic Masterchess: 0,0} bxc4 {Buchbewertung Mephisto
Lyon 68020: +0,03 / lt. Stockfish steht Weiss besser mit ca.+0,80} 6. bxc4
Ne4? {ein schwacher Zug, der Weiss bereits entscheidend in Vorteil bringt,
Stockfish +2,20 mit der Fortsetzung Sbd2, nötig war e6 mit geringem Vorteil
für Weiss.} 7. Nbd2 Qa5 8. Qc2 Qc3 {die Partie ist praktisch verloren für
Schwarz, Stockfish +3,00 für Weiss mit der Fortsetzung Db1} 9. Qxc3 {auch
diese Fortsetzung gewinnt die Partie, Stockfish +2,30 für Weiss.} Nxc3 10.
a4 f5 11. Ra3 Ne4 12. Nxe4 fxe4 13. Ng5 {deutlich stärker ist Tb3,
Stockfish +1,20 für Weiss mit der Fortsetzung Sa6} e6? {nach diesem Zug
allerdings ist die Partie reif zur Aufgabe für Schwarz, Stockfish +2,70 für
Weiss mit der Fortsetzung Tb3} 14. dxe6 {halbiert den Vorteil von Weiss,
Stockfish +1,30} Be7 15. Rg3 {deutlich besser ist g3, nach dem Textzung ist
Weiss nur noch knapp im Vorteil mit ca. +0,50} O-O 16. Bb2 Bf6 17. e7 Bxe7
18. Ne6 Rf7 19. Rxg7+ Rxg7 20. Nxg7 Bd8 21. Nf5 Bc6 22. f3 Bxa4 23. Kd2
{deutlich besser ist g3, nach dem Textzug ist Schwarz schon leicht im
Vorteil mit ca. +0,60} Nc6 24. fxe4 {deutlich besser ist Lc3, Stockfish
+1,30 für Schwarz mit der Fortsetzung Tb8} Ba5+ {deutlich schwächer als
Tb8, Schwarz ist knapp im Vorteil mit ca. +0,50} 25. Kc1 Rb8 26. Nd6? {ein
ganz schlechter Zug, der die Partie sofort verliert Stockfish +4,00 mit der
Fortsetzung Sb4, Weiss hätte seinen Königsflügel endlich entwickeln sollen
mittels g3 und die Stellung ist im Lot.} Bd2+ {schwächer als Sb4,
allerdings bleibt Schwarz trotzdem klar im Vorteil mit ca. +2,70} 27. Kxd2
Rxb2+ 28. Ke3 Ne5 {deutlich besser ist a5, Stockfish +1,20 für Schwarz} 29.
Kf4 Ng6+ 30. Kg5 Bc6 31. h4 a5? {dieser Vorstoss ist verfrüht, deutlich
besser ist Tb1} 32. Rh3 {doch auch der Pewatronic greift wieder daneben,
Stockfish +4,00 für Schwarz mit der Fortsetzung a4} Rc2 {halbiert wieder
den Vorteil von Schwarz, Stockfish +2,30 für Schwarz} 33. h5 Ne5? {dieser
Zug ist um 6 Bauerneinheiten !!! schlechter als Td2 und stellt die gesamte
Partie auf den Kopf, nach diesem Zug ist die Partie sofort verloren für
Schwarz Stockfish +4,40 für Weiss mit der Fortsetzung Kf6} 34. Kf6 Rc1 35.
Kxe5 Rxf1 36. h6? {dieser Zug bringt den Sieg von Weiss wieder in Gefahr,
Stockfish "nur" noch +1,40 für Weiss mit der Fortsetzung a4, nötig war g4
und Weiss gewinnt ganz klar mit +5,00} a4 37. Rd3! {die beste Fortsetzung,
damit bleibt Weiss noch klar im Vorteil mit ca. +2,00} Kf8 38. Rg3? {mit
diesem Zug verspielt Schwarz den gesamten Vorteil, Stockfish 0,00 mit der
Fortsetzung Tf2, nötig war g4 mit klarem Vorteil für Weiss.} Rf2 39. Nc8
Rxe2 40. Rf3+ Ke8 41. Nd6+ Kd8 42. g3 Rh2 43. Rd3 Kc7 44. Ne8+? {mit diesem
Zug wechselt der Vorteil wieder auf die Seite von Schwarz, Stockfish +2,50
mit der Fortsetzung Kb6} Kc8? {doch Mephisto Lyon 68020 kann keinen Voteil
draus ziehen, die Stellung ist wieder im Lot, hier beende ich vorläufig die
Kommentare, dieses Endspiel überfordert beide Kontrahenten bei Weitem.} 45.
Nd6+ Kb8 46. Nf5 Kc7 47. Rf3 Kb6 48. g4 Ka5 49. g5 Kb4 50. Nd6? {dieser Zug
erfordert leider wieder einen Kommentar, denn er verliert die Partie
sofort, Stockfish +6,00 für Schwarz mit der Fortsetzung a3, nach Se7 wäre
die Partie Remis.} a3 51. Re3 a2 52. Re1 Kb3 53. Kf4 Rg2 54. e5 Kb2 55. Ne8
Rf2+ 56. Kg3 Rf3+ 57. Kg4 Re3 58. Rxe3 a1=Q 59. Nd6 Qd1+ 60. Kf4 Qd4+ 61.
Ne4 Qxc4 {Userentscheid: 0-1} 0-1
[/pgn]
[pgn]

[Event "Turnier 40 / 120"]
[Site "Wien"]
[Date "2022.01.17"]
[Round "24"]
[White "Mephisto Lyon 68020 - 12 MHZ"]
[Black "Pewatronic Masterchess SH7034 - 24 MHZ"]
[Result "1-0"]
[BlackElo "2155"]
[WhiteElo "2173"]

1. e4 c6 2. d4 d5 3. e5 Bf5 4. Bd3 Bxd3 5. Qxd3 {Buchende} e6 {Buchende} 6.
Nf3 {Buchbewertung Mephisto Lyon 68020: +0,21} c5 {Buchbewertung Pewatronic
Masterchess: 0,0 / lt. Stockfish ist die Stellung exakt gleich, 0,00} 7.
dxc5 Qa5+ 8. Qc3 {deutlich besser ist Ld2} Qxc5 9. O-O Nc6 10. Be3 Qb4 11.
Qxb4 Bxb4 12. c3 Ba5 13. Na3 a6 14. c4 Nge7 15. cxd5 exd5 16. Bc5 Rd8 17.
Rfd1 Bc7 18. e6? {deutlich besser ist Te1, Stockfish +1,00 für Schwarz.}
fxe6 19. Ng5 e5 20. Ne6 Rd7 21. Rac1 Ba5 22. Nxg7+ Kf7 23. Nh5 Rhd8 24. Nb1
Nf5 25. Ng3 Nfd4 26. Nc3 b6 {die Stellung ist im Lot} 27. Bxd4 Nxd4 28. f4
Ke6 {deutlich besser ist Lxc3, nach dem Textzug ist Weiss mit ca. +1,00 im
Vorteil} 29. fxe5 Kxe5 30. Rd2 Nc6 31. Re2+ {besser ist Sh5, nach dem
Textzug ist Weiss nur noch unwesentlich im Vorteil mit ca. +0,30} Kd6 32.
Nb5+ {die Stellung ist im Lot, Stockfish 0,00} axb5 33. Nf5+ Kc7 34. Nd4
Bb4 35. Rxc6+ Kb7 36. Rf6 Bc5 37. Rf4 b4 38. Kh1 Ra8 39. b3 Ka6 40. g3 Bxd4
41. Rxd4 {die Stellung ist immer noch im Lot, Stockfish 0,00} Kb5 42. Kg2
Rf8 43. Rc2 Re8 44. Kf3 Rf7+ 45. Rf4 Rfe7 46. Kf2 Re1 47. Rd4 R1e5 48. g4
Rf8+ 49. Kg2 Rf7 50. h4 h6 51. Kg3 Re3+ 52. Kh2 Re5 {die Stellung ist nach
wie vor im Lot, Stockfish 0,00} 53. Rd3 Rf1 54. Kg3 Rg1+ 55. Kf4 Re4+ 56.
Kf5 Rgxg4 57. Rxd5+ Ka6 58. h5 Rgf4+ 59. Kg6 Re6+ 60. Kg7 Rfe4 61. Rg2 Kb7?
{der spielentscheidende Fehler, Stockfish +3,50 für Weiss mit der
Fortsetzung Tg6, das Remis festgehalten hätte Tc6} 62. Rg6 Kc6 63. Rf5 Rd6
64. Rf2 Rxg6+ 65. hxg6 h5 66. Kh7 b5 67. g7 {Rest geschenkt} 1-0
[/pgn]
[pgn]

[Event "Turnier 40 / 120"]
[Site "Wien"]
[Date "2022.01.18"]
[Round "25"]
[White "Pewatronic Masterchess SH 7034 - 24 MHZ"]
[Black "Mephisto Lyon 68020 - 12 MHZ"]
[Result "1/2-1/2"]
[BlackElo "2173"]
[WhiteElo "2155"]

1. d4 d5 2. c4 dxc4 3. Nf3 Nf6 4. e3 Bg4 5. Bxc4 e6 6. Nbd2 Nbd7 {Buchende}
7. O-O {Buchende} c5 {Buchbewertung Mephisto Lyon 68020: +0,06} 8. Qb3
{Buchbewertung Pewatronic Masterchess: 0,0 / lt. Stockfish steht Weiss
knapp besser mit ca. +0,40} cxd4 9. Nxd4 Qc7 10. Nb5 Qb6 11. Qa4 Be7 12. a3
O-O 13. b4 a6 14. Nd4 Qc7 15. Qc2 Bd6 16. h3 Bh5 17. Bb2 Bg6 18. Qd1 Rac8
19. Bxe6 fxe6 20. Nxe6 Bc2 21. Qf3 Qc6 22. Nxf8 Kxf8 23. Rfc1 Rc7 24. Qxc6
Rxc6 25. Nf3 Be4 26. Rxc6 Bxc6 27. Nd4 Bd5 28. Nf5 Be5? {das Läuferpaar
aufzugeben ist keine gute Idee, Stockfish +1,20 für Weiss mit der
Fortsetzung Lxe5, deutlich besser ist Lb8 und die Stellung wäre im Lot} 29.
Bxe5 Nxe5 30. Rc1 Nc4 31. f3 {deutlich besser ist a4, damit ist Weiss nur
noch knapp im Vorteil mit ca. +0,30 mit der Fortsetzung g6} g6 32. e4 gxf5
33. exd5 Nxa3 34. Rc7 Nxd5 35. Rxb7 Kg8 36. Kf2 f4 37. g3 {die Stellung ist
im Lot, Stockfish 0,00} fxg3+ 38. Kxg3 Nb5 39. Rd7 Nxb4 40. Kh4 Nc6 41. f4
a5 42. Kg5 a4 43. Kh6 a3 44. Rg7+ Kf8 45. Kxh7 Ne7 46. h4 a2 47. Rg1 Nc3
48. Ra1 Kf7 49. h5 Ned5 50. Kh6 Nxf4 51. Kg5 {2 Springer können nicht mehr
matt setzen, Userentscheid: Remis} 1/2-1/2
[/pgn]
[pgn]

[Event "Turnier 40 / 120"]
[Site "Wien"]
[Date "2022.01.19"]
[Round "26"]
[White "Mephisto Lyon 68020 - 12 MHZ"]
[Black "Pewatronic Masterchess SH7034 - 24 MHZ"]
[Result "1-0"]
[BlackElo "2155"]
[WhiteElo "2173"]

1. e4 c5 2. Nf3 Nc6 3. d4 cxd4 4. Nxd4 Nf6 5. Nc3 d6 6. Bg5 e6 7. Qd2
{Buchende} Be7 {Buchende} 8. Bb5 {Buchbewertung Mephisto Lyon 68020: +0,72}
Bd7 {Buchbewertung Pewatronic Masterchess: 0,0 / lt. Stockfish ist die
Stellung exakt gleich 0,00} 9. O-O-O O-O 10. Nb3 d5 {deutlich besser ist
a6, Stockfish +1,00 für Weiss} 11. Be2 {dieser Zug bringt allerdings keinen
Vorteil für Weiss, die Stellung ist wieder im Lot, nötig war Kb1 oder Lxf6
oder h4 alles besser als Le2} Rc8 12. Kb1 Nb8? {deutlich besser ist h6,
Stockfish +1,50 für Weiss mit der Fortsetzung e5} 13. e5 Ne8 14. h4
{deutlich schwächer als Lxe7, Stockfish +0,50 für Weiss mit der Fortsetzung
f6} f6 15. exf6 Nxf6 16. Qe3 Nc6 17. h5 Na5? {ein schlechter Zug, der Weiss
klar in Vorteil bringt, Stockfish +2,00 mit der Fortsetzung h6, Schwarz
hätte seinerseits h6 ziehen sollen und die Stellung wäre im Lot.} 18. h6 g6
19. Nxd5! {ganz stark gespielt vom Mephisto Lyon 68020 !!! , der beste Zug
lt. Stockfish, also darauf muss man wirklich mal kommen, das hätte ich dem
Lyon nicht zugetraut.} Nxd5 {mehr Widerstand bot exd5, Stockfish +3,50 für
Weiss mit der Fortsetzung Txd5} 20. Rxd5! exd5 21. Bxe7 Qc7 22. Bd3? {mit
diesem Zug macht sich der Mephisto Lyon 68020 seinen ganzen schönen Angriff
zunichte, um 6 Bauerneinheiten !!! schlechter als Lxf8, Stockfish 0,00, das
Schach auf c2 ist doch absolut harmlos, warum nicht den Turm schlagen ?
also so gut 19. Sxd5 !!! war, so enttäuschend ist dieser Zug. Pewatronic
Masterchess hätte Lxf8 erwartet !} Rf7 23. Nxa5 Qxa5 24. a3? {mit dem
nächsten schwachen Zug wechselt der Vorteil auf die Seite von Schwarz,
Stockfish +1,20 mit der Fortsetzung Te8} Bf5 {deutlich schwächer als Te8,
Stockfish +0,30 für Schwarz mit der Fortsetzung Lxf5} 25. Bb4 Qb6 26. Qxb6?
{mit diesem Zug kippt die Partie endgültig richtig Schwarz, Stockfish
+1,20, nötig war De5 mit nur geringem Vorteil für Schwarz.} axb6 27. Bxf5?
{nochmal deutlich schlechter als Te1, nach diesem Zug ist die Partie
praktisch verloren, Stockfish +1,70 für Schwarz.} Rxf5 28. f3 {auch hier
bestand mit Td1 noch eine bessere Alternative, nach der Fortsetzung Th5 ist
Schwarz bereits mit +2,20 im Vorteil} Re8 29. Rd1 Re2? {dieser Zug lässt
Weiss in die Partie zurückkehren, Stockfish 0,00 mit der Fortsetzung g4,
gewonnen hätte Th5} 30. c4 {etwas schwächer als g4, Stockfish +0,50 für
Schwarz} Rxg2? {nach diesem Zug wechselt neuerlich der Vorteil, Stockfish
+0,50 für Weiss mit der Fortsetzung cxd5, besser war Kf7} 31. cxd5 Rgg5 32.
d6 Rd5 33. Rc1 Rh5 34. Rc8+ Kf7 35. Rc7+ Ke8? {der König gehört nach e6}
36. Rxh7 Rdf5? {verliert sofort die Partie, Stockfish +5,00 für Weiss mit
der Fortsetzung d7+} 37. Re7+? {um 4 Bauerneinheiten schlechter als d7+,
Stockfish nur noch +1,00 für Weiss} Kd8 38. h7 Rh1+ 39. Ka2 Rfh5 40. Rxb7
Rxh7 41. Rxb6 Kd7? {das falsche Feld um 2 Bauerneinheiten schlechter als
Kc8, Stockfish +2,80 für Weiss mit der Fortsetzung a4} 42. f4 {deutlich
schwächer als a4, Stockfish nur noch +0,70 für Weiss mit der Fortsetzung
T1h4} Rf7 {aber es ist wieder ein Endspiel das es in sich hat, dieser Zug
verliert die Partie wieder, Stockfish +6,00 mit der Fortsetzung Tb7+} 43.
Rb7+ Ke8 44. Re7+ Rxe7 45. dxe7 Rh5 46. a4 Rh4 47. Kb3 Rxf4 48. a5 Rf6 49.
Ka4 Rc6 50. Kb5 Rc8 51. a6 Kd7 52. a7 g5 53. Bc5 g4 54. b4 g3 55. Ka6 Rc6+
56. Bb6 Rc8 57. Kb7 {Rest geschenkt} 1-0
[/pgn]
[pgn]

[Event "Turnier 40 / 120"]
[Site "Wien"]
[Date "2022.01.19"]
[Round "27"]
[White "Pewatronic Masterchess SH7034 - 24 MHZ"]
[Black "Mephisto Lyon 68020 - 12 MHZ"]
[Result "1/2-1/2"]
[BlackElo "2173"]
[WhiteElo "2155"]

1. c4 e5 2. Nc3 Nf6 3. Nf3 Nc6 4. d4 e4 5. Nd2 Bb4 6. e3 O-O 7. Be2 Re8 8.
O-O Bxc3 9. bxc3 d6 10. f3 exf3 {Buchende} 11. Bxf3 Rxe3 {Buchbewertung
Mephisto Lyon 68020: +0,18} 12. Nb3 {Buchende} Rxc3 13. Be2? {Buchbewertung
Pewatronic Masterchess: -1,4 / lt. Stockfish steht Schwarz besser mit ca.
+1,00, der erste Zug des Pewatronic war allerdings ein Fehlgriff, deutlich
besser war Lg5 mit leichtem Vorteil für Weiss.} Qe8 {besser ist d5,
Stockfish +0,30 für Schwarz mit der Fortsetzung Ld2} 14. Bd2 Rxb3 15. axb3
Nxd4 16. Bf3 Nxf3+ 17. Qxf3 {die Stellung ist exakt im Lot, Stockfish 0,00}
Qe4 18. Qg3 Qd4+ 19. Be3 Qc3 20. Bxa7 Qxg3 21. hxg3 Bd7 22. Bd4 Rxa1 23.
Rxa1 Ne8 24. Ra7 b5 25. Bb6 bxc4 26. bxc4 f6 27. Bxc7 Bf5 28. Bb6 Bd3 29.
c5 dxc5 30. Bxc5 {sieht schon sehr nach Remis aus} f5 31. Be3 h6 32. Bd4
Kf8 33. Rd7 {die Stellung gibt nichts mehr her: Userentscheid: Remis}
1/2-1/2
[/pgn]
[pgn]